| 000 | 00997cad a22001935a 4500 | ||
|---|---|---|---|
| 001 | L151532 | ||
| 008 | 101115s2010 xxk f 000 0 eng d | ||
| 035 | _a(Sirsi) u151532 | ||
| 041 | 0 | _aeng | |
| 110 | 2 | _aDEFRA | |
| 245 | 0 | 0 |
_aConsultation on the governance arrangements for the National Parks and the Broads _h[electronic resource] |
| 260 |
_aLondon _bDEFRA _c2010 |
||
| 520 | _aNational Park consultation seeks views of individuals and organisations. Each local authority will consult locally on potential changes which would work best for their areas whilst at the same time reflecting the status of the Parks as national assets. The consultation will run for 12 weeks and will close on 1 February 2011 | ||
| 590 | _aKA NTK | ||
| 651 | 4 | _aENGLAND AND WALES | |
| 690 | _aENVIRONMENTAL AND LAND CONSULTANCY-ENVIRONMENTAL MANAGEMENT | ||
| 856 | 4 | 0 |
_uhttps://archive.defra.gov.uk/corporate/consult/nationalpark-governance/ _zView the item free of charge at archive.defra.gov.uk. |
| 942 | _n0 | ||
| 999 |
_c111426 _d111426 |
||